[Event "Catalunya-ch U20"]
[Site "Catalunya"]
[Date "2008.03.22"]
[Round "5"]
[White "Tallo Dominguez, Kirian"]
[Black "Fernandez Soriano, Ruben"]
[Result "0-1"]
[WhiteElo "1836"]
[BlackElo "2033"]
[PlyCount "106"]
[EventDate "2008.03.19"]
[EventType "swiss"]
[EventRounds "9"]
[EventCountry "ESP"]
[SourceTitle "EXT 2010"]
[Source "ChessBase"]
[SourceDate "2010.11.25"]
[SourceVersion "1"]
[SourceVersionDate "2010.11.25"]
[SourceQuality "1"]

1. e4 d5 2. exd5 Nf6 3. d4 Nxd5 4. c4 Nf6 5. Nc3 c6 6. h3 Bf5 7. Nf3 e6 8. Qb3 Qb6 9. Qxb6 axb6 10. Bf4 Bb4 11. Nd2 Nbd7 12. g4 Bg6 13. Bg2 0-0 14. Ne2 Bd3 15. Nc3 Ra7 16. a3 Rfa8 17. Rc1 Be7 18. Ne2 b5 19. Rc3 bxc4 20. Nxc4 Bxc4 21. Rxc4 Nb6 22. Rc2 Nfd5 23. Bg3 Rd8 24. 0-0 Rd7 25. Be5 Ra8 26. Re1 Bf6 27. Kf1 Rad8 28. Nc3 Kf8 29. Ne4 Be7 30. Nc5 Bxc5 31. dxc5 Nc8 32. Rc4 f6 33. Bg3 Kf7 34. Rce4 e5 35. g5 Nce7 36. Bf3 Ng6 37. Bg4 Re7 38. h4 Ngf4 39. h5 Nd3 40. R1e2 Nxc5 41. Rc4 Ne6 42. gxf6 gxf6 43. h6 Nef4 44. Ree4 Rg8 45. Bf5 Rg5 46. Bxh7 Ke6 47. Bxf4 Nxf4 48. Re3 Nd5 49. Rb3 Rxh7 50. Rh4 Rg6 51. Ke2 b6 52. Rc4 Kd6 53. Rc1 Rgxh6 0-1

[Event "Catalunya-ch U20"]
[Site "Catalunya"]
[Date "2008.03.22"]
[Round "6"]
[White "Vidal Zamora, Alex"]
[Black "Tallo Dominguez, Kirian"]
[Result "1-0"]
[WhiteElo "1993"]
[BlackElo "1836"]
[PlyCount "67"]
[EventDate "2008.03.19"]
[EventType "swiss"]
[EventRounds "9"]
[EventCountry "ESP"]
[SourceTitle "EXT 2010"]
[Source "ChessBase"]
[SourceDate "2010.11.25"]
[SourceVersion "1"]
[SourceVersionDate "2010.11.25"]
[SourceQuality "1"]

1. e4 c5 2. Nf3 d6 3. d4 cxd4 4. Nxd4 Nf6 5. Nc3 a6 6. Be2 e5 7. Nb3 Be7 8. Be3 Be6 9. 0-0 0-0 10. Qd2 Nc6 11. Rad1 Qc8 12. f3 Nd7 13. Kh1 Nb6 14. Qe1 Nc4 15. Bxc4 Bxc4 16. Rf2 b5 17. Rfd2 Qc7 18. Nd5 Bxd5 19. Rxd5 Rab8 20. a3 Rfd8 21. Bd2 Rdc8 22. Bc3 Qb6 23. Nd2 Na5 24. Qg3 Nc4 25. Nxc4 Rxc4 26. h3 a5 27. f4 f6 28. Qg4 Kf8 29. Qh5 Rxe4 30. fxe5 dxe5 31. Qxh7 Re2 32. Qh8+ Kf7 33. Qh5+ Kg8 34. Qxe2 1-0